Ngày mai của những ngày mai

Wedi'i Gadw mewn:
Manylion Llyfryddiaeth
Prif Awdur: Nguyễn, Ngọc Tư
Fformat: Llyfr
Iaith:Undetermined
Cyhoeddwyd: Hà Nội Văn học 2015
Pynciau:
Tagiau: Ychwanegu Tag
Dim Tagiau, Byddwch y cyntaf i dagio'r cofnod hwn!
Thư viện lưu trữ: Trung tâm Học liệu Trường Đại học Cần Thơ
LEADER 00604nam a2200205Ia 4500
001 CTU_216930
008 210402s9999 xx 000 0 und d
020 |c 65000 
082 |a 895.92284 
082 |b T550 
100 |a Nguyễn, Ngọc Tư 
245 0 |a Ngày mai của những ngày mai 
245 0 |c Nguyễn Ngọc Tư 
260 |a Hà Nội 
260 |b Văn học 
260 |c 2015 
650 |a Vietnamese literature,Văn học Việt Nam 
650 |x Identifiable literary,Tạp văn 
904 |i Nhi,Hải 
980 |a Trung tâm Học liệu Trường Đại học Cần Thơ